000 00717nam a2200205 i 4500
001 134958
003 ES-MaACL
005 20230906194759.0
007 t|
008 070704s1980 sp ||||1| spa d
080 _a57.017.6
100 1 _aThompson, D'Arcy Wentworth.
_9110072
245 1 0 _aSobre el crecimiento y la forma /
_cD'Arcy Wentworth Thompson ; edición abreviada, editada por John Tyler Bonner ; [traducción Juan Manuel Ibeas].
260 _aMadrid :
_bH. Blume,
_c[1980]
300 _aXIII, 330 p. :
_bil. ;
_c21 cm.
650 1 4 _aBiología del desarrollo.
_910588
700 1 _aBonner, John Tyler.
_930254
700 1 _aIbeas Delgado, Juan Manuel.
_964987
852 _aES-MaACL
_jL-1003
_bR.101842
999 _c134958
_d134958